[Event "World Cup"]
[Site "?"]
[Date "2009.11.21"]
[Round "1"]
[White "Akobian, Varuzhan"]
[Black "Tregubov, Pavel V"]
[Result "1-0"]
[WhiteElo "2624"]
[BlackElo "2642"]
[Annotator "GM Akobian"]
[PlyCount "53"]

1. d4 f5 2. Nc3 Nf6 3. Bg5 d5 4. Bxf6 exf6 5. e3 Be6 6. Bd3 Nc6 7. Nge2 Qd7 8.
a3 O-O-O 9. Na4 g6 (9... Ne5 10. dxe5 Qxa4 11. exf6 g6 12. Qd2 Qd7 13. O-O-O
Bd6 14. Qc3 Qf7 15. h4 $14) 10. b4 Ne5 11. Nc5 Nxd3+ 12. Qxd3 Qe8 13. a4 Kb8
14. O-O Bc8 15. Rfb1 h5 16. a5 Rh7 17. c4 dxc4 18. Qxc4 h4 19. h3 g5 20. b5 Rd6
(20... Bxc5 21. dxc5 Qg8 22. Qxg8 Rxg8 23. Rb2 $14) 21. d5 $1 Qf7 (21... g4 22.
b6 $1 (22. Nf4 gxh3 23. gxh3 $16) 22... cxb6 23. axb6 Rxb6 24. Rxb6 axb6 25.
Na4 b5 26. Qf4+ Qe5 27. Nb6 Qxf4 28. Nxf4 Bd6 29. Ra8+ Kc7 30. Nxc8 Bxf4 31.
exf4 b4 32. Kf1 b3 33. d6+ Kd7 34. Nb6+ Kxd6 35. Ra3 $18) 22. Nd4 $1 Qxd5 23.
Na6+ Ka8 (23... bxa6 24. bxa6+ Ka8 25. Qxd5+ Rxd5 26. Nc6 $18) 24. Nxc7+ Rxc7
25. Qxc7 Rd8 26. a6 Qd7 27. axb7+ 1-0

[Event "World Team Championship"]
[Site "Bursa TUR"]
[Date "2010.01.05"]
[Round "1"]
[White "Akobian, V."]
[Black "Esen, B."]
[Result "1-0"]
[WhiteElo "2628"]
[BlackElo "2513"]
[Annotator "GM Akobian"]
[PlyCount "103"]
[EventDate "2010.01.05"]

1. d4 d5 2. c4 c6 3. Nc3 Nf6 4. e3 e6 5. Nf3 Nbd7 6. Qc2 Bd6 7. Bd3 O-O 8. O-O
dxc4 9. Bxc4 b5 10. Be2 Bb7 11. Rd1 Qc7 (11... Qb8 12. e4 e5 13. dxe5 (13. Bg5)
13... Nxe5 14. Nd4 b4 (14... Neg4 15. g3 (15. h3 Bh2+ 16. Kf1 Nxf2 17. Kxf2 b4)
15... b4 16. Bxg4 Nxg4 17. Na4 Re8 18. f3 Ne5 19. Nc5 Bc8 20. Bf4 Qb6 21. Rac1
Bh3 22. Kh1 Rac8 23. b3 $14) (14... Ned7 15. g3 Bc7 16. Be3 Re8 17. Nf5 $14 a6
18. Rac1 c5 19. a4 b4 20. Nd5 Nxd5 21. exd5 $16) 15. Nf5 Bc5 16. Na4 Bxf2+ 17.
Kxf2 Neg4+ 18. Bxg4 Nxg4+ 19. Ke1 Qxh2 20. Qe2 Rfe8 (20... Rad8 21. Bg5 f6 22.
Be3 Nxe3 (22... h5 23. Qf1 Nxe3 (23... Ba6 24. Qxa6 Qxg2 25. Qf1 Qxe4 26. Nc5
Qe5 27. Nd7 Rxd7 28. Rxd7 Nxe3 29. Nxe3 Qxe3+ 30. Kd1 $16) 24. Nxe3 Qh4+ 25.
Qf2 Qxe4 26. Nc5 Qe7 27. Nxb7 Qxb7 28. Kf1 $14) 23. Qxe3 Qh1+ (23... Qxg2 24.
Nc5 Bc8) 24. Kf2 Rxd1 25. Qb3+ Kh8 26. Rxd1 $18) (20... h5 21. Qf3 $14) 21. Rd7
h5 22. Rxb7 Qg1+ 23. Kd2 Rxe4 24. Qxe4 Rd8+ 25. Kc2 {1-0 Kunte,A (2527)-Shyam,
S (2426)/New Delhi IND 2009/The Week in Chess 741/[Var and Ray]}) 12. e4 e5 13.
Bg5 exd4 (13... Rfe8 14. Rac1 a6 (14... Rac8 15. Qd2 $14) 15. dxe5 Nxe5 16.
Bxf6 gxf6 (16... Nxf3+ 17. Bxf3 gxf6 18. g3 $14) 17. Nd4 Ng6 18. g3 $14) (13...
b4 14. Na4 exd4 15. Bxf6 gxf6 (15... Nxf6 16. Rxd4 c5 17. Rxd6 Qxd6 18. e5 $16)
16. Nxd4 Bxh2+ 17. Kh1 Be5 18. Nf5 $14) 14. Rxd4 Ne5 (14... b4 15. Rad1 Bc5 16.
Rxd7 Nxd7 17. Na4 Bb6 18. Be7 $14) 15. g3 (15. Bxf6 gxf6 16. Nh4 Ng6 17. Nf5
Bxh2+ 18. Kh1 Be5 19. Qd2 Bc8 $1) 15... Bc5 16. Rd2 Nfg4 (16... Neg4 17. Bxf6
Bxf2+ 18. Kh1 Ne3 (18... gxf6 19. Nh4 Ne3 20. Qc1 b4 21. Nb5 Qe7 22. Nd6 $18)
19. Qc1 gxf6 20. Nxb5 Qe7 21. Nd6 Rad8 22. Nxb7 Qxb7 23. Bf1 (23. Nd4 c5 $13)
23... Qb6 24. b3 Nxf1 25. Qxf1 Rxd2 26. Nxd2 Qd4 27. Nf3 Qc3 28. Kg2 $14) 17.
Nd1 Bb4 18. Rd4 Ba5 19. Nxe5 Nxe5 (19... Qxe5 20. Rd7 Qxg5 (20... Bc8 21. Bf4
Qh5 22. Bxg4 Qxg4 23. Rd3 Bb6 24. a4 $14) 21. Rxb7 Ne5 22. f4 Qd8 23. Nf2 Qc8
24. Re7 Ng6 25. Bg4 $13) 20. Ne3 f6 (20... Bb6 21. Rdd1 $14) 21. Bf4 Bb6 22.
Rdd1 Rad8 23. a4 a6 24. Nf5 g6 25. Qb3+ Kh8 26. Rxd8 Qxd8 (26... Rxd8 27. Qe6
Qf7 28. Qxe5 Bxf2+ 29. Kg2 gxf5 30. Qc7 Qxc7 31. Bxc7 Rd7 32. Kxf2 Rxc7 33.
exf5 $14) 27. Rd1 Qe8 28. Nd6 Qe7 29. Be3 (29. Bh6 $1 Rd8 (29... Ra8 30. Be3
Bxe3 31. Qxe3 Nf7 32. Nxf7+ Qxf7 33. Rd6 $14) 30. Nxb7 Rxd1+ 31. Bxd1 Qxb7 32.
Qe6 $18) 29... Bxe3 30. Qxe3 Nf7 31. Nxb7 Qxb7 32. a5 Re8 33. Rc1 c5 34. Qxc5 (
34. Rxc5 Qxe4 35. Qxe4 Rxe4 36. Rc7 Rxe2 37. Rxf7 Rxb2 38. Rxf6 b4 39. Rxa6 Ra2
40. Rb6 Rxa5 41. Rxb4 $11) 34... Qxe4 35. Bf1 Qe6 36. Bg2 Ne5 37. Qb6 Nd3 (
37... Nc4 38. Qxe6 Rxe6 39. b4 Rd6 40. Bf1 Rd4 41. Bxc4 bxc4 42. f3 $14) 38.
Rd1 (38. Rc7 Qf5 39. Bh3 Re1+ 40. Bf1 $18) 38... Nxb2 39. Rd8 Kg7 40. Rxe8 Qxe8
41. Qxa6 $18 Nc4 42. Qb7+ Kh6 43. a6 Qe1+ 44. Bf1 Nd2 45. Qxb5 g5 46. Qd3 (46.
Qe2 $142 Qc1 47. a7 Nxf1 48. Qxf1 Qa3 49. Qh3+ Kg6 50. Qd7 $18) 46... Nxf1 47.
Qxf1 Qa5 48. Qh3+ Kg6 49. Qe6 Qa4 50. Qg8+ Kh6 51. Qa8 f5 52. a7 1-0

[Event "World Team Championship"]
[Site "Bursa TUR"]
[Date "2010.01.10"]
[Round "6"]
[White "Diamant, Andre"]
[Black "Akobian, Varuzhan"]
[Result "0-1"]
[WhiteElo "2497"]
[BlackElo "2628"]
[Annotator "GM Akobian"]
[PlyCount "75"]
[EventDate "2010.01.05"]

1. d4 e6 2. c4 d5 3. Nf3 Nf6 4. Nc3 Be7 5. Bf4 O-O 6. e3 Nbd7 7. Be2 c5 $6 (
7... dxc4 $142 8. Bxc4 c5 $11) 8. cxd5 Nxd5 9. Nxd5 exd5 10. O-O Qb6 11. Qc2
Nf6 12. Rfc1 (12. dxc5 $142 Bxc5 13. Rac1 Bd6 14. Bxd6 Qxd6 15. Qc7 Qb4 16. Qc3
Qb6 17. Rfd1 Be6 $14) 12... c4 13. b3 cxb3 14. Qxb3 Qxb3 15. axb3 Ne4 16. Bd3
f6 17. Rc7 Bd8 18. Rc2 Be6 19. b4 g5 20. Bc7 Be7 21. b5 Rfc8 22. Ne1 Kf7 23. f3
Nc5 24. dxc5 Rxc7 25. c6 bxc6 26. bxc6 a5 27. Bb5 Rb8 28. Ba6 Bb4 29. Nd3 Bf5
30. g4 Bg6 31. Rd1 $138 Bd6 $1 $17 32. Rdd2 $2 (32. Ra2 Rxc6 33. Rxa5 Ke6 $17)
32... Rb6 33. Bb7 Bxd3 34. Rxd3 Rbxb7 35. cxb7 Rxc2 36. Rxd5 Bxh2+ 37. Kh1 Rb2
38. f4 0-1

[Event "Corus B"]
[Site "?"]
[Date "2010.01.31"]
[Round "13"]
[White "Akobian, Varuzhan"]
[Black "Howell, David"]
[Result "1-0"]
[WhiteElo "2628"]
[BlackElo "2606"]
[Annotator "GM Akobian"]
[PlyCount "89"]
[EventDate "2010.??.??"]

1. d4 Nf6 2. c4 g6 3. Nc3 d5 4. cxd5 Nxd5 5. e4 Nxc3 6. bxc3 Bg7 7. Nf3 c5 8.
Be3 Qa5 9. Qd2 Nc6 10. Rb1 O-O 11. Rb5 cxd4 12. Rxa5 dxe3 13. Qxe3 Nxa5 14. Nd4
Bd7 15. e5 Rfc8 16. f4 Rc7 17. Bb5 Nc6 18. Bxc6 Bxc6 19. Nxc6 Rxc6 20. Ke2 b6 (
20... f6 21. Rd1 fxe5 22. Rd7 $16) 21. Rd1 Rac8 22. Rd3 f6 (22... e6 23. Qd2 h5
24. Rd8+ Rxd8 25. Qxd8+ Bf8 26. Kd3 a5 27. a4 Kg7 28. Qd7 Rc5 29. c4) 23. Qe4
fxe5 24. f5 g5 $2 (24... gxf5 25. Qxf5 Rxc3 $14) 25. h4 $5 (25. Rd8+ Rxd8 26.
Qxc6 Bf6 27. Qc7 Rd6 28. Qxa7 Kg7 29. Qa8 h5 30. a4 h4 31. h3 Kf7 32. c4 $18)
25... gxh4 26. Qxh4 Bf6 27. Rg3+ Kh8 28. Qh6 $1 $138 Rg8 (28... Rxc3 29. Rxc3
Rxc3 30. Qf8#) 29. Rxg8+ Kxg8 30. g4 $1 Rxc3 31. g5 Rc6 32. Qh1 $1 (32. gxf6
Rxf6 33. Qh4 h6 34. Qg3+ Kf8 35. Qxe5 a5 $11) 32... Rd6 33. gxf6 Rxf6 34. Qa8+
Kf7 35. Qxa7 Rd6 36. Qa8 h6 37. Ke3 Rd4 38. Qh8 Rd6 39. Ke4 Rd4+ 40. Kxe5 Rd6
41. a4 Rc6 42. Kd4 Rf6 43. Qc8 h5 (43... Rd6+ 44. Kc4 Rf6 45. Kb5 Rd6 46. Qb8
Rf6 47. Qxb6 Rxb6+ 48. Kxb6 h5 49. a5 h4 50. a6 h3 51. a7 h2 52. a8=Q $18) 44.
Ke5 Rh6 45. Qc1 $1 1-0

[Event "US Championship"]
[Site "Saint Louis USA"]
[Date "2010.05.23"]
[Round "9"]
[White "Robson, R."]
[Black "Akobian, V."]
[Result "0-1"]
[WhiteElo "2569"]
[BlackElo "2599"]
[Annotator "GM Akobian"]
[PlyCount "80"]
[EventDate "2010.05.14"]

1. e4 e6 2. d4 d5 3. Nc3 Nf6 4. e5 Nfd7 5. Nce2 c5 6. c3 Nc6 7. f4 b5 8. a3 c4
9. Nf3 Nb6 10. g4 h5 11. gxh5 Rxh5 12. Ng3 Rh8 13. h4 Bd7 14. Bh3 Qc7 15. h5
O-O-O $6 (15... f5 16. Ng5 Na5 $11) 16. Ng5 Be8 17. f5 Nxe5 (17... Kb7 18. fxe6
f6 19. e7 Qxe7 20. Nf5 Qc7 21. Ne6 Qb8 22. Nxd8+ Qxd8 $13) (17... exf5 18. Nxf5
Kb7 19. Bf4 Na5 20. O-O $14) 18. dxe5 Qxe5+ 19. Ne2 exf5 (19... Rxh5 20. Qd4
Rxh3 21. Qxe5 (21. Rxh3 Qxf5 22. Qf2 $14) 21... Rxh1+ 22. Kf2 f6 23. Qxe6+ Bd7
24. Qf7 fxg5 $11) 20. Qd4 Qe7 21. Bxf5+ (21. Nh7 f6 22. Bxf5+ Bd7 23. Bxd7+
Qxd7 24. Nxf8 Rdxf8 25. Be3 Re8) 21... Bd7 22. Bxd7+ Rxd7 23. Be3 Na4 24. Kd2 (
24. O-O-O f6 25. Nf3 Nxb2 26. Kxb2 Qxa3+ 27. Kb1 Qb3+ 28. Kc1 Qa2 29. Rdf1 Qxe2
30. Rf2 Ba3+ 31. Kb1 Qd3+ 32. Qxd3 cxd3 33. Rd2 a6 34. Rxd3 $14) 24... f6 25.
Nf3 Qe6 $1 26. Rag1 (26. Nf4 Qg4 $13) 26... Nc5 27. Ke1 (27. Kd1 Nb3 28. Qf4
Bd6 29. Ned4 Bxf4 30. Nxe6 Bxe3 31. Rxg7 Nc5 32. Rxd7 Kxd7 33. Nxc5+ Bxc5 $15)
27... Nd3+ 28. Kd2 Bc5 29. Qxc5+ Nxc5 30. Bxc5 Qf5 $6 (30... d4 $1 31. Nfxd4
Qd5 32. Bb4 Rxh5 33. Rxh5 Qxh5 $19) 31. Ned4 Qf4+ 32. Kc2 Re8 33. a4 Re3 $6 (
33... bxa4 $19) 34. Rh4 Qc7 35. Bf8 Re4 36. Nxb5 Qa5 $6 (36... Qd8 37. Bxg7
Rxh4 38. Nxh4 Qe8 $19) 37. Nd6+ $2 (37. Kb1 $15) 37... Rxd6 38. Bxd6 Qb6 $1 39.
Bg3 Re2+ 40. Nd2 Qxg1 0-1

[Event "Chicago Open"]
[Site "Saint Louis USA"]
[Date "2010.05.29"]
[Round "4"]
[White "Akobian, Varuzhan"]
[Black "Sedlak, Nikola"]
[Result "1-0"]
[WhiteElo "2599"]
[BlackElo "2569"]
[Annotator "GM Akobian"]
[PlyCount "69"]
[EventDate "2010.05.14"]

1. d4 Nf6 2. c4 g6 3. Nc3 Bg7 4. Nf3 d5 5. cxd5 Nxd5 6. e4 Nxc3 7. bxc3 c5 8.
Be3 Qa5 9. Qd2 O-O 10. Rc1 Rd8 11. d5 e6 12. Be2 exd5 13. exd5 Bg4 14. c4 Qa3
15. O-O Nc6 16. Rfe1 Bxf3 17. Bxf3 Nd4 18. Bxd4 (18. Be4 Re8 19. Bd3 $14) 18...
cxd4 (18... Bxd4 19. Re7 Qa6 20. Qe2 $14) 19. c5 Rac8 20. c6 bxc6 21. dxc6 d3
22. Red1 Be5 23. g3 Qd6 24. Kg2 Qf6 25. Qa5 (25. Qe3 $1 Bd4 26. Qe4 Bb2 27. Rc4
Qd6 (27... d2 28. c7 $18) 28. Rb4 Bf6 29. Qc4 d2 (29... Qd4 30. Qxd4 Bxd4 31.
Rxd3 Bb6 32. Rd7 $16) 30. Rb7 Rc7 31. Rxd2 $18) 25... h5 26. h4 (26. Qxa7 d2
27. Rc2 Rd3 28. Be4 Bd4 29. Qd7 Qxf2+ 30. Kh3 Qe2 31. Rcxd2 Rxd2 32. Rxd2 Qxd2
33. Qxc8+ Kg7 34. Qd7 g5 $11) 26... Kg7 27. Rc4 Rd6 28. Qb5 (28. Qxa7 Rcxc6 29.
Rxc6 Rxc6 30. Bxc6 Qxc6+ 31. Kg1 Qc2 32. Rf1 d2 33. Qe3 Bc3 34. Kg2 $14) 28...
Qf5 $2 (28... d2 29. Re4 $14) 29. Rc5 Rb8 30. Qc4 (30. Qxb8 Rf6 {[%cal Ge5b8,
Gf5f3]} 31. Rxd3 Qxd3 32. Qb3 Rxf3 33. Qxd3 Rxd3 34. Rxe5 Rc3 35. Ra5 Rxc6 36.
Rxa7 $14) 30... d2 31. c7 Rc8 32. Bb7 {[%cal Gc5f5]} Rd3 33. Rxe5 Qxe5 34. Qxd3
Rxc7 35. Bf3 1-0

[Event "National Open"]
[Site "Saint Louis USA"]
[Date "2010.06.13"]
[Round "5"]
[White "Akobian, Varuzhan"]
[Black "Ehlvest, Jaan"]
[Result "1-0"]
[WhiteElo "2599"]
[BlackElo "2591"]
[Annotator "GM Akobian"]
[PlyCount "93"]
[EventDate "2010.05.14"]

1. d4 d6 2. Nf3 g6 3. c4 f5 4. g3 Bg7 5. Bg2 Nf6 6. O-O O-O 7. b3 c6 8. Bb2 a5
9. Nbd2 Na6 10. a3 Bd7 11. Qc2 c5 12. e3 Qc7 13. Rfe1 Rae8 14. d5 a4 (14... e5
15. dxe6 Bxe6 16. Ng5 Bc8 17. Nb1 (17. e4)) 15. e4 fxe4 16. Ng5 Qb6 17. bxa4 (
17. Ngxe4 axb3 18. Nxf6+ Bxf6 19. Nxb3 Ba4) 17... e3 (17... Bxa4 18. Qc1) 18.
Rxe3 Bxa4 (18... Ng4 19. Bxg7 Nxe3 20. Qc3 Nxg2 21. Bh8 $18) 19. Qc1 Nc7 (19...
Ng4 20. Bxg7 Nxe3 21. Qc3 Nxg2 22. Bh8) 20. Rb1 Qa6 21. Qe1 $6 (21. Bh3 $1 $16)
21... h6 22. Nge4 Bd7 23. Nxf6+ exf6 24. Ne4 b5 25. cxb5 Bxb5 26. Qd2 Rb8 27.
Rbe1 Ne8 28. h4 Bd7 29. Bf1 Qb6 30. Bc3 Ra8 31. Qc1 {[%cal Ge4d2,Gd2c4]} Rf7
32. Nd2 Qc7 33. Nc4 f5 34. Re7 Bf8 35. R7e6 $1 {Diagram [#]} (35. Rxf7 Kxf7)
35... Bxe6 36. Rxe6 (36. dxe6 Re7) 36... Kh7 37. h5 g5 38. Bd3 (38. Bd2 Qd8 39.
f4 g4) 38... Bg7 39. g4 Kg8 40. Bxf5 Rxf5 41. gxf5 Qf7 42. Rg6 $1 Qxf5 (42...
Qxd5 43. Bxg7 Nxg7 44. f6) 43. Ne3 Qd7 (43... Qh3 44. Qb2 Qxh5 45. Rxg7+ Nxg7
46. Qb7 {[%cal Gb7a8,Gb7g7]}) 44. Qb2 $1 (44. Qb2 Ra7 45. Bxg7 Nxg7 46. Qb8+
Kh7 47. Rxh6+ $1 {Diagram [#]} Kxh6 48. Qh8#) 44... Rc8 (44... Ra7 45. Bxg7
Nxg7 46. Qb8+ Kh7 (46... Kf7 47. Qh8 Qf5 (47... Nf5 48. Qh7+ Kf8 49. Rg8#)) 47.
Rxh6+ Kxh6 48. Qh8#) 45. Bxg7 Nxg7 46. Nf5 Qxf5 47. Qxg7# 1-0

[Event "US League"]
[Site "?"]
[Date "2010.09.07"]
[Round "1"]
[White "Akobian, Varuzhan"]
[Black "Becerra Rivero, Julio"]
[Result "1-0"]
[WhiteElo "2618"]
[BlackElo "2570"]
[Annotator "GM Akobian"]
[PlyCount "79"]

1. d4 Nf6 2. c4 g6 3. Nc3 d5 4. Bg5 Ne4 5. Bh4 Nxc3 6. bxc3 Bg7 7. e3 c5 8.
cxd5 Qxd5 9. Nf3 Nc6 10. Be2 O-O 11. O-O Bf5 12. Qb3 Qxb3 13. axb3 cxd4 14.
exd4 Rfc8 (14... Rfe8 $142) 15. b4 a6 16. Ra3 e5 $2 (16... Be4 17. Rfa1 $14)
17. d5 Nb8 18. Nd2 $1 Bh6 19. Nc4 Nd7 20. Nd6 Rc7 21. c4 Bf8 22. Nxf5 gxf5 23.
c5 e4 24. d6 Rcc8 25. Rd1 Bg7 26. Bg5 Be5 27. f4 Bg7 28. Bc4 Nf6 29. Bxf6 Bxf6
30. Rd5 a5 31. d7 (31. Rxf5 $142 Bd4+ 32. Kf1 axb4 33. Rxa8 Rxa8 34. Rxf7 Kh8
35. Rc7 $18) 31... Rc7 32. Rxa5 Rd8 33. Bb5 Bc3 34. Ra4 e3 35. Kf1 Kf8 36. Ke2
Bd2 37. Rxf5 Rcxd7 38. Bxd7 Rxd7 39. b5 Bc1 40. Ra2 1-0

[Event "US League"]
[Site "?"]
[Date "2010.10.27"]
[Round "4"]
[White "Akobian, Varuzhan"]
[Black "Shulman, Yuri"]
[Result "1-0"]
[WhiteElo "2618"]
[BlackElo "2636"]
[Annotator "GM Akobian"]
[PlyCount "93"]
[EventDate "2010.05.11"]

1. d4 d5 2. c4 e6 3. Nc3 c6 4. e4 dxe4 5. Nxe4 Bb4+ 6. Bd2 Qxd4 7. Bxb4 Qxe4+
8. Be2 Na6 9. Ba5 f6 10. Nf3 b6 11. Nd2 Qf4 12. Bh5+ g6 (12... Ke7 13. Bc3 Nh6
14. O-O $14) 13. Bf3 Ne7 14. Bc3 $14 O-O (14... Nc5 15. g3 Qf5 16. O-O e5 17.
b4 Nb7 18. b5 c5 19. Be4 Qe6 20. f4 $16) 15. O-O (15. Ne4 Nc5 16. g3 Qf5 17.
Qe2 $14) 15... Qc7 16. Ne4 e5 17. Re1 Qd7 (17... Nf5 18. Nxf6+ Rxf6 19. Bxe5
Qe7 (19... Rd6 20. Bxd6 Nxd6 21. Bd5+ $1 Kf8 22. Qf3+ Bf5 23. Bxc6 $18) 20.
Bxf6 Qxf6 21. Re8+ Kg7 22. Qd8 Qf7 23. Rae1 Bb7 24. R1e7 Rxd8 25. Rxf7+ Kxf7
26. Rxd8 $14) 18. Qe2 Qe6 19. Rad1 Nf5 (19... Nc5 20. Nxc5 bxc5 21. Qe3 Qxc4
22. Bxe5 fxe5 23. Qxe5 Re8 24. Bxc6 $18) 20. b4 (20. g4 $1 Nh4 21. Bh1 Qxg4+
22. Qxg4 Bxg4 23. Rd6 $16) 20... Nc7 (20... Nh4 21. Rd6 Qe7 22. Rxc6 Nxf3+ 23.
Qxf3 Be6 24. b5 Nb8 25. Rc7 Qxc7 26. Nxf6+ Rxf6 27. Qxf6 $18) 21. Nxf6+ Qxf6 (
21... Rxf6 22. Qxe5 Qxe5 23. Bxe5 Rf7 24. Bxc6 Rb8 25. Rd8+ Rf8 26. Rxf8+ Kxf8
27. Bxc7 $18) 22. Bxe5 Qf7 23. Bxc6 Rb8 24. Qd2 Ng7 (24... Bb7 25. Bd7 $18) 25.
Bd5 Nxd5 (25... Nge6 26. Re3 $16) 26. Bxb8 Nf6 27. Bd6 $1 Rd8 28. Qc3 Nf5 29.
Be5 Nd7 30. c5 (30. g4 Ne7 (30... Nh4 31. Bf6 $18) 31. Bd6 Nc6 32. b5 Na5 33.
Re7 Qf6 34. Rxd7 Qxc3 35. Rxd8+ Kf7 36. Rxc8 Nxc4 37. Rc7+ Ke6 38. Kg2 $18)
30... bxc5 31. bxc5 Rf8 32. c6 Nxe5 33. Qxe5 Qxa2 34. c7 Ng7 35. Re2 Qe6 (35...
Qb3 36. Rd8 Ne6 37. Rb2 Qc4 38. Rbd2 $18) 36. Rd8 Qxe5 37. Rxe5 Ne6 (37... Kf7
38. Rxf8+ Kxf8 39. Rd5 $18) 38. Red5 $1 Bb7 39. Rxf8+ Kxf8 40. Rd8+ Ke7 41.
c8=Q Nxd8 (41... Bxc8 42. Rxc8 a6 43. Rc6 $18) 42. Qc7+ Ke8 43. Qxh7 g5 44.
Qg8+ Kd7 45. Qxg5 Ne6 46. Qe3 a6 47. h4 1-0

[Event "Gibraltar Open"]
[Site "?"]
[Date "2011.01.27"]
[Round "3"]
[White "Korchnoi, Victor"]
[Black "Akobian, Varuzhan"]
[Result "1/2-1/2"]
[WhiteElo "2544"]
[BlackElo "2618"]
[Annotator "GM Akobian"]
[PlyCount "68"]

1. d4 e6 2. c4 d5 3. Nc3 Nf6 4. Bg5 Be7 5. e3 O-O 6. Rc1 h6 7. Bh4 Ne4 8. Bg3 (
8. Bxe7 Qxe7 9. Nf3 c6) 8... c5 9. cxd5 Nxc3 10. bxc3 cxd4 (10... exd5 11. Bd3
$11) (10... Qxd5 11. c4 Qd7 12. d5 exd5 13. cxd5 b5 $13) 11. exd4 (11. d6 Bxd6
12. Bxd6 Qxd6 13. cxd4 Nc6 $11) 11... Qxd5 12. Nf3 Nc6 13. Bd3 e5 (13... Qxa2
14. O-O $44) 14. O-O $1 exd4 15. cxd4 $14 Bg4 16. Bc4 Bxf3 $1 17. Bxd5 Bxd1 18.
Rfxd1 Rac8 19. Kf1 Rfd8 20. Bf3 Bd6 21. Rc4 Bxg3 22. hxg3 Rd6 (22... Na5 23.
Rxc8 Rxc8 24. d5 Kf8 25. d6 Rd8 26. Ke2 $11) 23. d5 Ne7 24. Rdc1 Rxc4 25. Rxc4
Kf8 26. Rc7 b6 27. Rxa7 Nxd5 28. g4 g6 29. g3 Nc3 30. Ra3 Nb1 31. Ra8+ Kg7 32.
Kg2 Rd2 33. Ra7 Nc3 34. a4 Nd1 1/2-1/2

[Event "Gibraltar Open"]
[Site "?"]
[Date "2011.01.29"]
[Round "5"]
[White "Kanep, Meelis"]
[Black "Akobian, Varuzhan"]
[Result "0-1"]
[WhiteElo "2531"]
[BlackElo "2618"]
[Annotator "GM Akobian"]
[PlyCount "92"]

1. d4 e6 2. c4 Nf6 3. Nf3 d5 4. Nc3 Be7 5. Bg5 O-O 6. e3 h6 7. Bxf6 Bxf6 8. Qc2
c6 9. h4 g6 10. O-O-O Nd7 11. e4 Bg7 12. h5 g5 13. Kb1 g4 14. Nh2 c5 15. dxc5
d4 16. Nb5 Nxc5 (16... e5 17. Nxg4 Nxc5 18. Ne3 a6 $1 19. Na3 Bd7 20. Nd5 f5
$17) 17. e5 Bxe5 18. Nxg4 Bg7 19. f4 e5 20. Nxe5 Qf6 21. Nd3 Bf5 22. g4 Be4 (
22... Bxd3 23. Bxd3 Qxf4 24. Rhf1 $14) 23. Rg1 a6 24. Na3 $6 (24. g5 hxg5 25.
fxg5 Qe7 26. Na3 b5 $44) 24... b5 25. g5 hxg5 26. Rxg5 Rfc8 27. Qh2 Kf8 28. Ka1
Ne6 $138 29. Re5 $138 Bh7 30. h6 Bh8 31. Bg2 $2 bxc4 $2 (31... Bxd3 32. Bxa8
Qxf4 33. Qxf4 Nxf4 34. Re4 Bxe4 35. Bxe4 bxc4 $15) 32. Bxa8 cxd3 33. Bb7 Rc2
34. Qg1 $2 (34. Qh1 Qe7 35. Bxa6 Bxe5 36. fxe5 Qc5 37. Bxd3 Rxb2 38. Nc4 $13)
34... Nxf4 35. Ree1 Qb6 36. Nc4 $2 (36. Nxc2 dxc2 37. Rd2 Qxb7 38. Rxd4 $13)
36... Rxc4 37. Qg5 Qc7 38. Bxa6 Rc5 39. Qg1 Bg6 (39... Ra5 $19) 40. a3 Bf6 41.
Rf1 Rc2 42. Qh1 d2 43. h7 Bxh7 $1 44. Qxh7 d3 $19 45. Bxd3 (45. Qh6+ Bg7 46.
Qxf4 Qxf4 47. Rxf4 Rc1+ 48. Ka2 Rxd1 49. Bxd3 Ra1+ $19) 45... Rxb2 46. Qh6+ Bg7
0-1

[Event "US Championship"]
[Site "?"]
[Date "2011.04.17"]
[Round "3"]
[White "Akobian, Varuzhan"]
[Black "Stripunsky, Alexander"]
[Result "1-0"]
[WhiteElo "2611"]
[BlackElo "2578"]
[Annotator "GM Akobian"]
[PlyCount "79"]

1. d4 Nf6 2. c4 Nc6 3. Nf3 e6 4. a3 d5 5. Nc3 a6 6. cxd5 exd5 7. Bg5 Be7 8. e3
Nh5 9. Bxe7 Nxe7 10. Bd3 Nf6 11. Qc2 g6 12. Ne5 Bf5 $6 (12... O-O 13. O-O Bf5
14. Rac1 Bxd3 15. Qxd3 $14) 13. Bxf5 Nxf5 14. Qb3 Rb8 15. g4 Ne7 16. O-O-O Qd6
17. f4 (17. h4 h5 18. g5 Nd7 19. f4 O-O 20. e4 c6 21. Rhe1 $14) 17... b5 18. g5
Nh5 (18... Nd7 $142 19. h4 b4 20. axb4 Rxb4 21. Qa3 $14) 19. Na4 $1 O-O 20. Nc5
Rfd8 21. Kb1 a5 22. Rc1 a4 23. Qb4 Nf5 24. Rc3 (24. Qd2 $142 Rb6 25. Rhe1 Ne7
26. Ncd3 $16) 24... Nhg7 25. Rhc1 (25. e4 $1 Ne7 26. f5 Qxe5 (26... gxf5 27.
exf5 Nexf5 28. Rf3 $18) 27. dxe5 Nc6 28. Na6 Nxb4 29. Nxb8 Rxb8 30. axb4 $16)
25... Ne8 26. Rd3 $6 (26. Ncd3 $1 Nxe3 (26... Rb6 27. Qxd6 Rbxd6 28. Nb4 $16)
27. Nc6 Nc4 28. Nxb8 Rxb8 29. Re1 $16) 26... Rb6 27. Qa5 $6 (27. Re1 $142 $14)
27... Qe7 28. Qb4 Ned6 29. Re1 Nc4 30. Ka2 Qd6 31. Re2 Kg7 32. Qc3 Kg8 33. Ka1
$138 Ne7 $138 34. e4 Nc6 35. Nxc6 (35. Ng4 $1 b4 36. axb4 Nxb4 37. Nf6+ Kg7 38.
Rh3 h5 39. gxh6+ Kh8 40. e5 Qe7 41. Rf2 Nc6 42. Rg3 Rb4 43. h7 a3 44. bxa3 Ra8
45. f5 Rxa3+ 46. Qxa3 Nxa3 47. fxg6 fxg6 48. Rxg6 $18) 35... Qxc6 36. Qb4 $1
dxe4 $6 (36... Nd6 37. e5 Ne4 38. Rc2 Nxc5 39. Qxc5 $14) 37. Nxe4 Kg7 $2 (37...
Na5 38. Nf6+ Kg7 39. Kb1 Nb3 40. Re1 $16) 38. d5 $1 Rxd5 39. Qc3+ f6 40. Nxf6
1-0

[Event "National Open"]
[Site "?"]
[Date "2011.06.11"]
[Round "3"]
[White "Akobian, Varuzhan"]
[Black "Yermolinsky, Alex"]
[Result "1-0"]
[WhiteElo "2603"]
[BlackElo "2530"]
[Annotator "GM Akobian"]
[PlyCount "89"]

1. d4 Nf6 2. c4 Nc6 3. Nf3 e6 4. a3 d6 5. Nc3 g6 6. e4 Bg7 7. Be2 O-O 8. O-O
Re8 9. d5 Nb8 10. dxe6 Bxe6 11. Nd4 Bd7 12. f3 Nc6 13. Be3 Nh5 14. Nxc6 Bxc6
15. Qd2 f5 16. Bd3 Qd7 (16... Bxc3 17. Qxc3 fxe4 18. fxe4 Bxe4 19. Bh6 Bxd3 20.
Qxd3 c6 21. Rad1 $14) 17. exf5 gxf5 18. Rae1 a5 19. Bf2 f4 20. Be4 Bxc3 21.
Qxc3 Bxe4 22. fxe4 Qg7 23. Bd4 Qg5 24. c5 d5 25. Qb3 c6 26. Qxb7 dxe4 27. Rxe4
Rxe4 28. Qxa8+ Kf7 29. Qb7+ Qe7 30. Qxe7+ Kxe7 31. Bc3 a4 32. Rd1 Nf6 33. Bxf6+
Kxf6 34. Rd6+ Ke5 (34... Re6 35. Kf2 Rxd6 36. cxd6 Ke6 37. Kf3 Kxd6 38. Kxf4
Kd5 39. g4 $18) 35. Rxc6 Rc4 36. Rb6 (36. Rh6 Rxc5 37. Rh5+ Kd4 38. Rxh7 $18)
36... Rxc5 37. Kf2 Rc1 38. Rb4 (38. Ra6 Rc2+ 39. Kf3 Rxb2 40. Ra5+ Kf6 41. Rxa4
Kg5 42. Ra5+ Kf6 43. a4 $18) 38... Rb1 39. Kf3 Rf1+ 40. Ke2 Rg1 41. Kf2 Rb1 42.
h4 h5 43. g3 fxg3+ 44. Kxg3 Rd1 45. Kf3 (45. Kf3 Rd2 46. Ke3 Rh2 47. Kd3 Kd6
48. Kc3 Rh3+ 49. Kc2 Rh2+ 50. Kb1 Rg2 51. Rxa4 Rg4 52. Rb4 Kc5 53. Ka2 Kc6 54.
Kb3 $18) 1-0

[Event "National Open"]
[Site "?"]
[Date "2011.06.12"]
[Round "6"]
[White "Kacheishvili, Giorgi"]
[Black "Akobian, Varuzhan"]
[Result "0-1"]
[WhiteElo "2580"]
[BlackElo "2603"]
[Annotator "GM Akobian"]
[PlyCount "62"]

1. d4 d5 2. c4 e6 3. Nc3 Be7 4. cxd5 exd5 5. Bf4 c6 6. Qc2 Bd6 7. Bxd6 Qxd6 8.
e3 Qg6 9. Qxg6 hxg6 10. b4 Nf6 11. f3 g5 12. g4 Be6 13. Bd3 Nbd7 14. Kf2 Ke7
15. Nge2 a5 16. b5 c5 17. Na4 Rac8 18. Kg3 cxd4 19. exd4 Ne8 20. Rhe1 Nd6 21.
f4 Nf6 (21... gxf4+ 22. Nxf4 Ne4+ 23. Bxe4 dxe4 24. Nxe6 (24. d5 Bxg4 25. Kxg4
Rc4 26. Nb2 Nf6+ 27. Kg3 Rc3+ 28. Kg2 Rh4 $13) 24... fxe6 25. Rac1 Rhf8 $11)
22. f5 Nde4+ 23. Kg2 $2 (23. Bxe4 Nxe4+ 24. Kg2 Bd7 25. Nb6 Rc2 (25... Bxb5 26.
Nxc8+ Rxc8 27. Rac1 Rxc1 28. Nxc1 Bc4 29. a3 b5 30. Kf3 b4 31. axb4 axb4 32.
Ke3 Kf6 33. Ne2 b3 34. Ng3) 26. Nxd5+ Kd8 27. a4 Rb2 28. Ra3 g6 29. fxg6 fxg6
30. Re3 Re8 31. h3 $14) 23... Nxg4 24. Bxe4 dxe4 25. fxe6 Rxh2+ 26. Kg1 Rch8
27. Ng3 (27. exf7 Ne3 $19) 27... R8h3 28. Nf1 (28. Nxe4 f5 29. Nac3 fxe4 30.
Nxe4 Rh1+ 31. Kg2 Ne3+ 32. Rxe3 R1h2+ 33. Kg1 Rxe3 34. Kxh2 Rxe4 35. d5 Rd4 36.
Rc1 Rxd5 37. Rc7+ Kxe6 38. Rxb7 Rd2+ 39. Kg3 Rxa2 40. Rxg7 a4 $17) 28... Rh1+
29. Kg2 f5 30. Rac1 (30. Rxe4 f4 $19) 30... f4 31. Rc7+ Kd8 (31... Kd8 32. e7+
Kxc7 33. b6+ Kd6 34. e8=Q f3#) 0-1